سفر التكوين في ميزان القرآن الكريم من آدم إلى إبراهيم / (رقم التسجيلة. 94465)

تفاصيل مارك
000 -الفاتح
عناصر البيانات ثابتة الطول 00905cam a2200229 i 4500
005 - تاريخ ووقت آخر معاملة
حقل ضبط 20251127101911.0
008 - عناصر البيانات ثابتة الطول
عناصر البيانات ثابتة الطول 250721s2004 jo gr 000 0 ara d
020 ## - الترقيم الدولي المعياري للكتب (ردمك)
الترقيم الدولي المعياري للكتب (ردمك) 995729010x
082 14 - رقم تصنيف ديوي العشري
رقم التصنيف 211.9221
رقم المادة خ ا ل
100 1# - مدخل رئيسي – اسم شخصي
الاسم الشخصي الخالدي، صلاح عبد الفتاح
علاقة الشخص بالعمل/ دوره مؤلف.
245 10 - بيان العنوان
العنوان سفر التكوين في ميزان القرآن الكريم من آدم إلى إبراهيم /
بيان المسؤولية الدكتور صلاح عبد الفتاح الخالدي.
250 ## - بيان الطبعة
بيان الطبعة الطبعة الأولى.
264 31 - بيانات النشر، التوزيع…إلخ
مكان النشر، التوزيع...إلخ عمان :
اسم الناشر، الموزع...إلخ دار العلوم للنشر و التوزيع،
تاريخ النشر، التوزيع...إلخ 2004.
300 ## - الوصف المادي
عدد الوحدات المكونة للوعاء 212 صفحة.
490 0# - بيان السلسلة
عنوان السلسلة دراسات في اليهودية ؛
رقم الوعاء في السلسلة رقم3.
650 17 - مدخل إضافي بالموضوع - مصطلح موضوعي
مصطلح موضوعي أو اسم جغرافي كعنصر مدخل القرآن الكريم.
650 17 - مدخل إضافي بالموضوع - مصطلح موضوعي
مصطلح موضوعي أو اسم جغرافي كعنصر مدخل العهد القديم.
650 17 - مدخل إضافي بالموضوع - مصطلح موضوعي
مصطلح موضوعي أو اسم جغرافي كعنصر مدخل اليهودية.
830 #0 - مدخل إضافي بالسلسلة-عنوان مقنن
عنوان السلسسلة دراسات في اليهودية.
942 ## - بيانات إضافية (كوها)
نوع التنصيف Dewey Decimal Classification
نوع المادة (كوها) كتب
المقتنيات
حالة السحب حالة الفقدان مصدر التصنيف حالة التلف غير قابل للإعارة المكتبة الرئيسية المكتبة الحالية موقع الرف تاريخ التزويد الرقم المتسلسل Total Checkouts رقم الإستدعاء الباركود تاريخ آخر ظهور تاريخ الفاتورة نوع المادة (كوها)
    Dewey Decimal Classification     المكتبة المركزية المكتبة المركزية الإعارة 28/07/2025 846480   211.9221 / خ ا ل 846480 28/07/2025 28/07/2025 كتب
    Dewey Decimal Classification   Not For Loan المكتبة المركزية المكتبة المركزية مقتنيات قسم التزويد 28/07/2025 846484   211.9221/خال 846484 28/07/2025 28/07/2025 كتب
    Dewey Decimal Classification     المكتبة المركزية المكتبة المركزية الإعارة 28/07/2025 846488   211.9221/خال 846488 28/07/2025 28/07/2025 كتب
    Dewey Decimal Classification     مكتبة أبو علندا العامة مكتبة أبو علندا العامة الإعارة 28/07/2025 846494   211.9221/خال 846494 28/07/2025 28/07/2025 كتب
    Dewey Decimal Classification     مكتبة أم قصير والمقابلين العامة مكتبة أم قصير والمقابلين العامة الإعارة 28/07/2025 846493   211.9221/خال 846493 28/07/2025 28/07/2025 كتب
    Dewey Decimal Classification     مكتبة الأميرة ايمان العامة مكتبة الأميرة ايمان العامة الإعارة 28/07/2025 846485   211.9221/خال 846485 28/07/2025 28/07/2025 كتب
    Dewey Decimal Classification     مكتبة البراءة للأطفال مكتبة البراءة للأطفال الإعارة 28/07/2025 846497   211.9221/خال 846497 28/07/2025 28/07/2025 كتب
    Dewey Decimal Classification     مكتبة الجويدة مكتبة الجويدة الإعارة 28/07/2025 846489   211.9221/خال 846489 28/07/2025 28/07/2025 كتب
    Dewey Decimal Classification     مكتبة الحسن العامة مكتبة الحسن العامة الإعارة 28/07/2025 846490   211.9221/خال 846490 28/07/2025 28/07/2025 كتب
    Dewey Decimal Classification     مكتبة النصر العامة مكتبة النصر العامة الإعارة 28/07/2025 846496   211.9221/خال 846496 28/07/2025 28/07/2025 كتب
    Dewey Decimal Classification     مكتبة حمزة العامة مكتبة حمزة العامة الإعارة 28/07/2025 846491   211.9221/خال 846491 28/07/2025 28/07/2025 كتب
    Dewey Decimal Classification     مكتبة حمزة العامة مكتبة حمزة العامة الإعارة 14/04/2009 [846511]   211.9221/خال PLD00083298 28/07/2025 14/04/2009 كتب
    Dewey Decimal Classification     مكتبة صويلح العامة مكتبة صويلح العامة الإعارة 28/07/2025 846486   211.9221/خال 846486 28/07/2025 28/07/2025 كتب
    Dewey Decimal Classification     مكتبة عدن للأطفال مكتبة عدن للأطفال الإعارة 17/02/2025 1793867   211.9221/خال PLD00515857 28/07/2025 17/02/2025 كتب
    Dewey Decimal Classification     مكتبة وادي السير العامة مكتبة وادي السير العامة الإعارة 28/07/2025 846495   211.9221/خال 846495 28/07/2025 28/07/2025 كتب
Implemented & Customized by: BBB with SCIT (Smart Chains for Information Technology)

Powered by Koha